| 000 | 00469nam a22001817a 4500 | ||
|---|---|---|---|
| 003 | CEME | ||
| 005 | 20210628203804.0 | ||
| 008 | 210316b xxu||||| |||| 00| 0 eng d | ||
| 040 | _c. | ||
| 082 | _a621.31042 FIT | ||
| 100 |
_aFitzerald, A. E, Kingsley, Charles, Umans, Stephen D _967311 |
||
| 245 | _aElectric machinary | ||
| 250 | _a5TH | ||
| 260 |
_aLONDON _bMCGRAW HILL _c1992 |
||
| 300 | _aXIII,600P | ||
| 650 |
_aELECTRIC MACHINARY _967312 |
||
| 942 |
_cBK _2ddc |
||
| 999 |
_c575122 _d575122 |
||